[Event "County match"]
[Site "?"]
[Date "1979.10.27"]
[Round "?"]
[White "Stebbings, A."]
[Black "Lofts, D."]
[Result "1-0"]
[WhiteElo "2208"]
[BlackElo "2040"]
[PlyCount "75"]
[EventDate "1979.??.??"]

1. c4 c5 2. Nc3 Nc6 3. Nf3 g6 4. e3 Bg7 5. d4 cxd4 6. exd4 d6 7. h3 Nf6 8. d5
Ne5 9. Nxe5 dxe5 10. Be3 O-O 11. Be2 b6 12. O-O Ne8 13. c5 bxc5 14. Bxc5 Bh6
15. Qa4 Nd6 16. Rfd1 Bg5 17. Bb5 a6 18. Bc6 Rb8 19. b4 Qc7 20. Qc2 Rd8 21. a4
Nb7 22. Bxb7 Rxb7 23. Qe2 f5 24. f3 Kf8 25. Rd3 Rxb4 26. Bxb4 Qb6+ 27. Kh1 Qxb4
28. Qxe5 Bf6 29. Qc7 Re8 30. Rad1 a5 31. d6 exd6 32. Nd5 Re1+ 33. Rxe1 Qxe1+
34. Kh2 Ba6 35. Qb8+ Kf7 36. Qa7+ Ke6 37. Nf4+ Ke5 38. Qd4# 1-0

[Event "London league"]
[Site "?"]
[Date "1979.11.01"]
[Round "?"]
[White "Stebbings, A."]
[Black "Tebbs, H."]
[Result "1/2-1/2"]
[WhiteElo "2208"]
[BlackElo "1992"]
[PlyCount "51"]
[EventDate "1979.??.??"]

1. c4 f5 2. Nc3 Nf6 3. g3 e6 4. Bg2 Be7 5. e3 O-O 6. Nge2 d6 7. O-O c6 8. Rb1
a5 9. a3 Na6 10. b4 d5 11. cxd5 cxd5 12. b5 Nc5 13. d3 Bd7 14. Na4 Nxa4 15.
Qxa4 Qb6 16. Nc3 Rfc8 17. Bb2 Rc7 18. Qb3 a4 19. Nxa4 Qxb5 20. Qxb5 Bxb5 21.
Nb6 Ra5 22. Rfd1 Rc6 23. Bxf6 gxf6 24. Nxd5 exd5 25. Bxd5+ Kg7 26. Bxc6 1/2-1/2

[Event "National Club ch."]
[Site "?"]
[Date "1979.11.06"]
[Round "?"]
[White "Stebbings, A."]
[Black "Pountney, I."]
[Result "1-0"]
[WhiteElo "2208"]
[BlackElo "1976"]
[PlyCount "61"]
[EventDate "1979.??.??"]

1. c4 Nf6 2. Nc3 g6 3. g3 Bg7 4. Bg2 O-O 5. e4 d6 6. Nge2 c5 7. O-O Nc6 8. Rb1
Bd7 9. a3 a5 10. d3 Ne8 11. Be3 Nc7 12. Nd5 Ne6 13. b4 axb4 14. axb4 Ra7 15. f4
Ned4 16. Nxd4 Bxd4 17. bxc5 dxc5 18. e5 Be6 19. Qe2 Bxd5 20. cxd5 Bxe3+ 21.
Qxe3 Nd4 22. g4 Qd7 23. f5 Ra2 24. d6 exd6 25. Bd5 Re2 26. Qh6 dxe5 27. fxg6
hxg6 28. Qxg6+ Kh8 29. Rxf7 Rxf7 30. Bxf7 Nf3+ 31. Kf1 1-0

[Event "County match"]
[Site "?"]
[Date "1979.11.10"]
[Round "?"]
[White "Stebbings, A."]
[Black "Lambshire, M."]
[Result "1/2-1/2"]
[WhiteElo "2208"]
[BlackElo "2192"]
[PlyCount "57"]
[EventDate "1979.??.??"]

1. c4 g6 2. Nc3 Bg7 3. d4 f5 4. g3 Nf6 5. Bg2 O-O 6. Nh3 d6 7. d5 Na6 8. O-O
Nc5 9. Qc2 e5 10. dxe6 Bxe6 11. b3 c6 12. Bb2 a5 13. Rad1 Qe7 14. e3 h6 15. Nf4
Bf7 16. Nfe2 Rfe8 17. Rfe1 Rad8 18. Nd4 Nfe4 19. a3 a4 20. b4 Nxc3 21. Bxc3 Ne4
22. Ba1 c5 23. Ne2 Bxa1 24. Rxa1 cxb4 25. axb4 Rc8 26. Nd4 Rxc4 27. Qxa4 Nc5
28. Qa3 Na6 29. b5 1/2-1/2

[Event "Essex league"]
[Site "?"]
[Date "1979.11.15"]
[Round "?"]
[White "Stebbings, A."]
[Black "Fleury, M."]
[Result "1/2-1/2"]
[WhiteElo "2208"]
[BlackElo "2152"]
[PlyCount "74"]
[EventDate "1979.??.??"]

1. c4 b6 2. d4 e6 3. d5 Ba6 4. e3 Nf6 5. a3 exd5 6. cxd5 Bxf1 7. Kxf1 Be7 8.
Nc3 O-O 9. Nf3 a5 10. g3 Na6 11. Rb1 Nc5 12. Kg2 Nfe4 13. Nxe4 Nxe4 14. Qc2 f5
15. Nd4 Nd6 16. b3 Rc8 17. Bb2 Qe8 18. Qd3 Qh5 19. Nf3 Bf6 20. Ne5 Bxe5 21.
Bxe5 Nf7 22. Qd4 Ng5 23. Qf4 d6 24. Bb2 Rce8 25. h4 Ne4 26. Rhd1 h6 27. Qf3 Qg6
28. Rbc1 Rf7 29. Rc4 Kh7 30. Rc6 Nf6 31. Rdc1 Ree7 32. Bxf6 Qxf6 33. Qd1 Qe5
34. R1c2 Qe4+ 35. Kg1 Re5 36. Rxc7 Rxc7 37. Rxc7 Rxd5 1/2-1/2

[Event "London league"]
[Site "?"]
[Date "1979.11.21"]
[Round "?"]
[White "Stebbings, A."]
[Black "Pountney, I."]
[Result "0-1"]
[WhiteElo "2208"]
[BlackElo "1976"]
[PlyCount "60"]
[EventDate "1979.??.??"]

1. e4 e6 2. d4 d5 3. Nc3 Bb4 4. e5 c5 5. a3 Bxc3+ 6. bxc3 Ne7 7. Qg4 Qc7 8.
Qxg7 Rg8 9. Qxh7 cxd4 10. Kd1 Nbc6 11. Nf3 dxc3 12. Bf4 Bd7 13. Ng5 Rf8 14. Bd3
Qb6 15. Re1 O-O-O 16. Nxf7 Qxf2 17. Rf1 Qxg2 18. Kc1 Rxf7 19. Qxf7 Nf5 20. Rb1
Ncd4 21. Rb4 Nxc2 22. Rb3 d4 23. Rd1 Nxa3 24. Bxf5 exf5 25. Bd2 cxd2+ 26. Rxd2
Qf1+ 27. Rd1 Qc4+ 28. Qxc4+ Nxc4 29. Rxd4 Nxe5 30. h4 Nc6 0-1

[Event "County match"]
[Site "?"]
[Date "1979.11.24"]
[Round "?"]
[White "Muir, A."]
[Black "Stebbings, A."]
[Result "1/2-1/2"]
[WhiteElo "2264"]
[BlackElo "2208"]
[PlyCount "55"]
[EventDate "1979.??.??"]

1. e4 e6 2. d4 d5 3. Nd2 Nf6 4. e5 Nfd7 5. Bd3 c5 6. c3 Nc6 7. Ne2 cxd4 8. cxd4
f6 9. exf6 Nxf6 10. Nf3 Qb6 11. O-O Bd6 12. Nc3 O-O 13. Bg5 Bd7 14. Rc1 Kh8 15.
Bb1 Be8 16. Re1 Bh5 17. Rxe6 Bxf3 18. gxf3 Rad8 19. Bxf6 gxf6 20. Qd3 f5 21.
Ne2 Qxb2 22. Qe3 Rd7 23. Kh1 Re7 24. Rg1 Qa3 25. Nc3 Rxe6 26. Qxe6 Qxc3 27.
Qxd6 Qxf3+ 28. Rg2 1/2-1/2

[Event "Eastman cup"]
[Site "London"]
[Date "1979.11.29"]
[Round "?"]
[White "Stebbings, A."]
[Black "Sedgwick, D."]
[Result "1-0"]
[WhiteElo "2208"]
[BlackElo "2072"]
[PlyCount "73"]
[EventDate "1979.??.??"]

1. e4 e6 2. d4 d5 3. Nd2 Nf6 4. e5 Nfd7 5. f4 c5 6. c3 Nc6 7. Ndf3 Qb6 8. g3
cxd4 9. cxd4 Bb4+ 10. Kf2 f6 11. Kg2 Be7 12. a3 Nf8 13. Bd3 Bd7 14. b4 a6 15.
Ne2 Na7 16. Nc3 Rc8 17. Qb3 Bb5 18. Nxb5 Nxb5 19. Bb2 Nd7 20. f5 fxe5 21. fxe6
Qxe6 22. dxe5 Nc7 23. Nd4 Qb6 24. Rhf1 Nxe5 25. Nf5 Nxd3 26. Nxg7+ Kd7 27. Qxd3
Qg6 28. Nf5 Rhf8 29. Rae1 Rce8 30. Be5 Bd6 31. Bxd6 Rxe1 32. Bxf8 Rxf1 33. Qxf1
Ne6 34. Bc5 Ng5 35. Qf4 Ke6 36. Nd4+ Kd7 37. Qf5+ 1-0

[Event "National Club ch."]
[Site "?"]
[Date "1979.12.01"]
[Round "?"]
[White "Symonds, R."]
[Black "Stebbings, A."]
[Result "0-1"]
[WhiteElo "1760"]
[BlackElo "2208"]
[PlyCount "81"]
[EventDate "1979.??.??"]

1. e4 e6 2. Qe2 c5 3. b3 Nf6 4. Bb2 Be7 5. g3 O-O 6. Bg2 d5 7. Nc3 Nc6 8. Nf3
d4 9. Nb1 d3 10. cxd3 Nb4 11. O-O Nc2 12. Nc3 Nxa1 13. Rxa1 b6 14. Nd1 Ba6 15.
Ne5 Qc7 16. Ne3 Rad8 17. f4 Nd7 18. Qg4 Bf6 19. d4 cxd4 20. Rc1 Nxe5 21. Rxc7
Nxg4 22. Nxg4 Be2 23. Nxf6+ gxf6 24. Kf2 Bd3 25. Rxa7 e5 26. Rb7 Rb8 27. Rc7
Rfc8 28. Rxc8+ Rxc8 29. Ba3 Rc2 30. Ke1 Rxa2 31. Bd6 exf4 32. gxf4 Ra1+ 33. Kf2
Rd1 34. Bb4 Rb1 35. Be7 Kg7 36. b4 Rd1 37. e5 Rxd2+ 38. Kg3 f5 39. Bd6 Be4 40.
Bxe4 fxe4 41. f5 0-1

[Event "Essex league"]
[Site "?"]
[Date "1979.12.06"]
[Round "?"]
[White "Trodd, R."]
[Black "Stebbings, A."]
[Result "0-1"]
[WhiteElo "1584"]
[BlackElo "2208"]
[PlyCount "71"]
[EventDate "1979.??.??"]

1. d4 Nf6 2. c4 e6 3. Nc3 Bb4 4. Bd2 d5 5. e3 O-O 6. Nf3 c5 7. dxc5 Bxc5 8.
cxd5 exd5 9. Be2 Nc6 10. O-O Re8 11. a3 a6 12. Qc2 Qd6 13. Bd3 Bg4 14. Nh4 Ba7
15. Bf5 d4 16. Ne4 Nxe4 17. Bxe4 dxe3 18. fxe3 Qh6 19. Nf3 Bxe3+ 20. Kh1 Bxf3
21. Rxf3 Bxd2 22. Rh3 Qg5 23. Bxh7+ Kf8 24. Bd3 g6 25. Rf1 Kg7 26. b4 Be3 27.
Qb3 Re7 28. Bc4 Rf8 29. Rg3 Qh6 30. Rgf3 Nd4 31. Qc3 f6 32. Rh3 Qg5 33. Rg3 Qe5
34. Bd3 Qxg3 35. Qc5 Nf5 36. Bxf5 0-1

[Event "London league"]
[Site "?"]
[Date "1979.12.12"]
[Round "?"]
[White "Muir, A."]
[Black "Stebbings, A."]
[Result "1/2-1/2"]
[WhiteElo "2264"]
[BlackElo "2208"]
[PlyCount "83"]
[EventDate "1979.??.??"]

1. e4 c5 2. Nf3 e6 3. b3 Nf6 4. e5 Nd5 5. Bb2 Be7 6. c4 Nb4 7. Nc3 d6 8. exd6
Bxd6 9. Ne4 O-O 10. Nxd6 Qxd6 11. d4 cxd4 12. a3 N4c6 13. Nxd4 Qf4 14. Bd3 e5
15. g3 Qg5 16. Nxc6 Nxc6 17. Qc2 Qh5 18. h3 f5 19. Be2 Qf7 20. O-O-O Be6 21. g4
Rad8 22. f3 Nd4 23. Bxd4 Rxd4 24. Rxd4 exd4 25. Bd3 g6 26. g5 Qe7 27. h4 Qxa3+
28. Kb1 Rd8 29. h5 Rd6 30. hxg6 hxg6 31. c5 Rc6 32. Bc4 Qb4 33. Qh2 Bxc4 34.
Qh8+ Kf7 35. Rh7+ Ke6 36. Qf6+ Kd5 37. Rd7+ Kxc5 38. Qxd4+ Kb5 39. Rxb7+ Rb6
40. Qd7+ Ka5 41. Rxa7+ Ba6 42. Qd5+ 1/2-1/2

[Event "County match"]
[Site "?"]
[Date "1979.12.15"]
[Round "?"]
[White "Stebbings, A."]
[Black "Botham, C."]
[Result "1/2-1/2"]
[WhiteElo "2208"]
[BlackElo "2056"]
[PlyCount "45"]
[EventDate "1979.??.??"]

1. d4 Nf6 2. c4 g6 3. Nc3 d5 4. Bf4 Bg7 5. Rc1 O-O 6. e3 c6 7. Nf3 Be6 8. Ng5
Bf5 9. h3 h6 10. Nf3 Nbd7 11. Be2 Qb6 12. Qb3 Qxb3 13. axb3 Rac8 14. O-O g5 15.
Bh2 Rfe8 16. Ne5 e6 17. Rfd1 Red8 18. Bf3 Nxe5 19. Bxe5 Nd7 20. Bxg7 Kxg7 21.
e4 dxe4 22. Nxe4 Nf6 23. Nxf6 1/2-1/2

[Event "London league"]
[Site "?"]
[Date "1980.01.08"]
[Round "?"]
[White "Sowray, P."]
[Black "Stebbings, A."]
[Result "0-1"]
[WhiteElo "2240"]
[BlackElo "2208"]
[PlyCount "60"]
[EventDate "1980.??.??"]

1. e4 e6 2. d4 d5 3. Nd2 Nf6 4. e5 Nfd7 5. Ngf3 c5 6. c3 Nc6 7. Bd3 cxd4 8.
cxd4 f6 9. Ng5 fxg5 10. Qh5+ Ke7 11. Nf3 h6 12. O-O Qb6 13. Nxg5 Nd8 14. Qh4
Nb8 15. Nxe6+ Kxe6 16. Qh3+ Kf7 17. Qxc8 g6 18. e6+ Nxe6 19. Re1 Qc6 20. Bxg6+
Kf6 21. Rxe6+ Qxe6 22. Bg5+ hxg5 23. Qxb7 Kxg6 24. Qxa8 Bd6 25. Qxa7 Bxh2+ 26.
Kf1 Bf4 27. Kg1 Bh2+ 28. Kf1 Bd6 29. Kg1 Re8 30. g3 Rh8 0-1

[Event "County match"]
[Site "?"]
[Date "1980.01.12"]
[Round "?"]
[White "Stebbings, A."]
[Black "Perkins, A."]
[Result "1/2-1/2"]
[WhiteElo "2208"]
[BlackElo "2248"]
[PlyCount "53"]
[EventDate "1980.??.??"]

1. d4 Nf6 2. c4 e6 3. Nc3 Bb4 4. e3 O-O 5. Nge2 d5 6. a3 Be7 7. cxd5 exd5 8.
Nf4 a5 9. Bd3 c6 10. O-O Na6 11. Qc2 Nc7 12. Bd2 Bd6 13. Rad1 Re8 14. Bc1 Bd7
15. f3 Bxf4 16. exf4 Ne6 17. Qf2 Qc8 18. f5 Nf8 19. g4 h6 20. Bf4 b6 21. Be5
N8h7 22. Kh1 Qd8 23. Rg1 Bc8 24. h4 Nd7 25. Bf4 f6 26. Rg2 Ba6 27. Bb1 1/2-1/2

[Event "Essex league"]
[Site "?"]
[Date "1980.01.14"]
[Round "?"]
[White "Stebbings, A."]
[Black "Corish, A."]
[Result "1-0"]
[WhiteElo "2208"]
[BlackElo "1984"]
[PlyCount "72"]
[EventDate "1980.??.??"]

1. e4 e6 2. d4 d5 3. Nd2 Nf6 4. e5 Nfd7 5. f4 c5 6. c3 Nc6 7. Ndf3 Qb6 8. g3
cxd4 9. cxd4 Bb4+ 10. Kf2 f6 11. Kg2 f5 12. a3 Be7 13. Ne2 a6 14. Nc3 Qd8 15.
Be3 b5 16. Rg1 Nb6 17. b3 Bb7 18. Kh1 h5 19. h3 g6 20. Ra2 Rc8 21. Nb1 Kf7 22.
Rh2 Qf8 23. Bc1 Rc7 24. Bd3 Qc8 25. Qd2 b4 26. g4 Na5 27. gxf5 exf5 28. Bb2
Nxb3 29. Qd1 Na5 30. e6+ Qxe6 31. Ne5+ Ke8 32. Rxg6 Qc8 33. Rxb6 b3 34. Re2 Nc4
35. Bxc4 dxc4+ 36. d5 c3 1-0

[Event "Essex league"]
[Site "?"]
[Date "1980.01.17"]
[Round "?"]
[White "Stebbings, A."]
[Black "Stiffell, L."]
[Result "1-0"]
[WhiteElo "2208"]
[BlackElo "1920"]
[PlyCount "63"]
[EventDate "1980.??.??"]

1. e4 c5 2. Nf3 Nc6 3. d4 cxd4 4. Nxd4 Nf6 5. Nc3 d6 6. f4 e6 7. Be3 Be7 8. Qf3
Bd7 9. Bd3 a6 10. O-O Qc7 11. Nb3 b5 12. a4 b4 13. Ne2 e5 14. f5 Na5 15. Nxa5
Qxa5 16. g4 h5 17. g5 Ng8 18. h4 Bd8 19. Bc4 Rc8 20. b3 Bb6 21. Rfd1 Bxe3+ 22.
Qxe3 Rc6 23. Rd5 Qb6 24. Qxb6 Rxb6 25. Rad1 Ke7 26. c3 Bc8 27. cxb4 Bb7 28. Nc3
Kd7 29. Rxe5 Rxb4 30. Ra5 Rb6 31. Bxf7 Ne7 32. Rc5 1-0

[Event "National Club ch."]
[Site "?"]
[Date "1980.01.20"]
[Round "?"]
[White "Stebbings, A."]
[Black "Smith, IB."]
[Result "1/2-1/2"]
[WhiteElo "2208"]
[BlackElo "2048"]
[PlyCount "67"]
[EventDate "1980.??.??"]

1. c4 Nf6 2. Nc3 g6 3. g3 Bg7 4. Bg2 O-O 5. e4 d6 6. Nge2 e5 7. O-O Nc6 8. d3
Bg4 9. h3 Be6 10. Be3 Qd7 11. Kh2 Nh5 12. Qd2 f5 13. exf5 gxf5 14. f4 Rae8 15.
Rae1 b6 16. b3 Nd4 17. Bf2 Nxe2 18. Nxe2 Bh6 19. Be3 Qg7 20. d4 e4 21. d5 Bd7
22. Rg1 Kf7 23. Bf1 Nf6 24. Nc3 Ra8 25. Be2 Rg8 26. Rg2 Ke7 27. Reg1 Qf7 28.
Nd1 Bf8 29. Nf2 h5 30. Bd4 Bg7 31. Nd1 Rh8 32. Rh1 Rag8 33. Ne3 Bh6 34. h4
1/2-1/2

[Event "London league"]
[Site "?"]
[Date "1980.01.22"]
[Round "?"]
[White "Stebbings, A."]
[Black "Colston, R."]
[Result "1-0"]
[WhiteElo "2208"]
[BlackElo "2128"]
[PlyCount "91"]
[EventDate "1980.??.??"]

1. e4 e6 2. d4 d5 3. Nd2 Nf6 4. e5 Nfd7 5. f4 c5 6. c3 cxd4 7. cxd4 Nc6 8. Ndf3
Nb6 9. Ne2 Bd7 10. Nc3 Bb4 11. Bd2 a6 12. a3 Bxc3 13. Bxc3 O-O 14. Bd3 h6 15.
O-O Nc4 16. Qe2 b5 17. b3 Nxa3 18. Rxa3 b4 19. Bxb4 Nxb4 20. Bxa6 Nxa6 21. Rxa6
Rb8 22. Qe3 Bb5 23. Rd6 Qa5 24. Rc1 Rfc8 25. f5 Qa3 26. Rxc8+ Rxc8 27. fxe6
fxe6 28. h3 Qb2 29. Qf4 Qxb3 30. Rxe6 Rf8 31. Qg3 Be2 32. Rf6 Ra8 33. Rd6 Qe3+
34. Kh2 Bxf3 35. Rd7 g5 36. Qxf3 Qxf3 37. gxf3 h5 38. Kg3 Ra1 39. Rxd5 h4+ 40.
Kg4 Rg1+ 41. Kh5 Rg3 42. e6 Kf8 43. Rf5+ Ke8 44. d5 Rxh3 45. d6 g4 46. d7+ 1-0

[Event "London league"]
[Site "?"]
[Date "1980.02.04"]
[Round "?"]
[White "Rice, P."]
[Black "Stebbings, A."]
[Result "1-0"]
[WhiteElo "2008"]
[BlackElo "2208"]
[PlyCount "61"]
[EventDate "1980.??.??"]

1. d4 Nf6 2. c4 e6 3. Nf3 b6 4. Bf4 Bb7 5. e3 Bb4+ 6. Nfd2 O-O 7. a3 Be7 8. Nc3
c5 9. d5 exd5 10. cxd5 Nxd5 11. Qf3 Nxf4 12. Qxb7 Nc6 13. exf4 Bd6 14. Qa6 Bxf4
15. Qd3 d5 16. Nf3 Re8+ 17. Be2 d4 18. Ne4 c4 19. Qxc4 Rxe4 20. Qxc6 Qe8 21.
Qc4 Rc8 22. Qd3 Qe7 23. Kf1 Bc1 24. Rb1 Re8 25. Ng1 Bg5 26. g3 Bf6 27. Rc1 h6
28. Rc2 Qd6 29. Kg2 Qe6 30. Bf3 Re1 31. Ne2 1-0

[Event "Essex league"]
[Site "?"]
[Date "1980.02.07"]
[Round "?"]
[White "Stiffell, L."]
[Black "Stebbings, A."]
[Result "0-1"]
[WhiteElo "1920"]
[BlackElo "2208"]
[PlyCount "52"]
[EventDate "1980.??.??"]

1. e4 e6 2. d4 d5 3. e5 c5 4. c3 Nc6 5. Nf3 Bd7 6. Bd3 cxd4 7. cxd4 Qb6 8. O-O
Nxd4 9. Nxd4 Qxd4 10. Nc3 a6 11. Qe2 Ne7 12. Rd1 Nc6 13. Bb5 Qc5 14. Be3 Qe7
15. Bxc6 Bxc6 16. f4 Rc8 17. Rac1 Qh4 18. f5 exf5 19. Nxd5 Qe4 20. Bg5 Bc5+ 21.
Ne3 Bxe3+ 22. Bxe3 f4 23. Qg4 Qxe3+ 24. Kh1 O-O 25. Re1 Bxg2+ 26. Kxg2 Qd2+ 0-1

[Event "County match"]
[Site "?"]
[Date "1980.02.09"]
[Round "?"]
[White "Stebbings, A."]
[Black "Lexton, M."]
[Result "1-0"]
[WhiteElo "2208"]
[BlackElo "2176"]
[PlyCount "55"]
[EventDate "1980.??.??"]

1. d4 d5 2. c4 c6 3. Nc3 dxc4 4. e4 b5 5. a4 b4 6. Na2 e6 7. Bxc4 Nf6 8. f3 Be7
9. Be3 O-O 10. Nc1 a5 11. Nd3 Nbd7 12. Rc1 Bb7 13. Ne2 Rc8 14. O-O c5 15. Bb5
cxd4 16. Nxd4 Nc5 17. Nxc5 Rxc5 18. Nc6 Rxc1 19. Nxe7+ Qxe7 20. Qxc1 Rc8 21.
Qd2 Rd8 22. Qf2 Qd6 23. Bb6 Ra8 24. Rc1 h6 25. Bc7 Qe7 26. Qb6 Bc8 27. Qc6 Ra7
28. Bd6 1-0

[Event "National Club ch."]
[Site "?"]
[Date "1980.02.17"]
[Round "?"]
[White "Stebbings, A."]
[Black "Silva, M."]
[Result "1/2-1/2"]
[WhiteElo "2208"]
[BlackElo "2296"]
[PlyCount "36"]
[EventDate "1980.??.??"]

1. d4 Nf6 2. c4 g6 3. Nc3 d5 4. Nf3 Bg7 5. cxd5 Nxd5 6. e4 Nb6 7. h3 O-O 8. Be2
Nc6 9. Be3 a5 10. O-O a4 11. d5 Ne5 12. Nxe5 Bxe5 13. Bxb6 cxb6 14. Nxa4 Bxh3
15. gxh3 Qd7 16. f4 Qxh3 17. Rf3 Qg4+ 18. Kf1 Bxf4 1/2-1/2

[Event "Essex league"]
[Site "?"]
[Date "1980.02.28"]
[Round "?"]
[White "Stebbings, A."]
[Black "Howson, J."]
[Result "1-0"]
[WhiteElo "2208"]
[BlackElo "2080"]
[PlyCount "61"]
[EventDate "1980.??.??"]

1. d4 Nf6 2. c4 b5 3. cxb5 g6 4. Nc3 Bg7 5. e4 Bb7 6. f3 O-O 7. Be3 d6 8. Bd3
a6 9. Nge2 axb5 10. Bxb5 c6 11. Bd3 Na6 12. Rc1 Nd7 13. O-O Qa5 14. Qd2 Rfb8
15. Bg5 e6 16. Bb1 Bc8 17. b3 Nc7 18. Rfd1 Ba6 19. Bf4 Bf8 20. Na4 Qxd2 21.
Rxd2 Bb5 22. Nec3 Nb6 23. Nxb6 Rxb6 24. Bd3 Na6 25. Be3 Rb7 26. Bf1 d5 27. Nxb5
cxb5 28. a4 bxa4 29. bxa4 Rb3 30. Kf2 Nb4 31. Bb5 1-0

[Event "County match"]
[Site "?"]
[Date "1980.03.08"]
[Round "?"]
[White "Stebbings, A."]
[Black "Frostick, C."]
[Result "1/2-1/2"]
[WhiteElo "2208"]
[BlackElo "2120"]
[PlyCount "53"]
[EventDate "1980.??.??"]

1. d4 d5 2. c4 dxc4 3. e4 Nf6 4. Nc3 e5 5. Nf3 exd4 6. Qxd4 Nc6 7. Qxd8+ Nxd8
8. e5 Nd7 9. Nd5 Ne6 10. Ng5 Nb6 11. Nxb6 axb6 12. Bxc4 Nxg5 13. Bxg5 Ra5 14.
Bf4 g5 15. Bxg5 Rxe5+ 16. Be3 Bc5 17. O-O Bxe3 18. fxe3 Be6 19. Bxe6 fxe6 20.
Rac1 c6 21. Rf3 Rf8 22. Rxf8+ Kxf8 23. Kf2 b5 24. a3 Ke7 25. Rd1 Rc5 26. Rd2
Rc4 27. Kf3 1/2-1/2

[Event "London league"]
[Site "?"]
[Date "1980.03.12"]
[Round "?"]
[White "Stebbings, A."]
[Black "Haberberg, A."]
[Result "1/2-1/2"]
[WhiteElo "2208"]
[BlackElo "2128"]
[PlyCount "53"]
[EventDate "1980.??.??"]

1. e4 Nc6 2. Nf3 g6 3. d4 Bg7 4. d5 Ne5 5. Nxe5 Bxe5 6. Be2 d6 7. O-O Bg7 8. c4
Nf6 9. Nc3 O-O 10. Rb1 c5 11. Bf4 Bd7 12. Re1 Rb8 13. a3 Ne8 14. Qc1 Nc7 15. b4
b6 16. Bd3 Ne8 17. e5 Qc7 18. exd6 exd6 19. Ne4 Rc8 20. Qe3 Bf5 21. bxc5 bxc5
22. Qg3 Bxe4 23. Rxe4 Qa5 24. Bc2 Nf6 25. Re3 Nh5 26. Qf3 Nxf4 27. Qxf4 1/2-1/2

[Event "Essex league"]
[Site "?"]
[Date "1980.03.13"]
[Round "?"]
[White "Elliott, F."]
[Black "Stebbings, A."]
[Result "0-1"]
[WhiteElo "1888"]
[BlackElo "2208"]
[PlyCount "72"]
[EventDate "1980.??.??"]

1. d4 Nf6 2. Nf3 g6 3. Nc3 d5 4. Bg5 Nbd7 5. h3 Bg7 6. e3 b6 7. Bb5 Bb7 8. a4
a6 9. Bd3 c5 10. Nd2 h6 11. Bh4 e5 12. O-O O-O 13. dxe5 Nxe5 14. Be2 Qe7 15.
Nf3 Rad8 16. Nxe5 Qxe5 17. Bg3 Qe7 18. Re1 Kh8 19. Qc1 Ne4 20. Nxe4 dxe4 21.
Ra3 Rd7 22. Rb3 Qe6 23. Rd1 Rfd8 24. Rxd7 Rxd7 25. c3 Bd5 26. Ra3 Bc4 27. Bxc4
Qxc4 28. Qf1 Qd3 29. Rb3 Qc2 30. Qc4 Rd1+ 31. Kh2 h5 32. Qxf7 Qb1 33. Qe8+ Kh7
34. Bh4 Rh1+ 35. Kg3 Qg1 36. Qxe4 Be5+ 0-1

[Event "County match"]
[Site "?"]
[Date "1980.03.23"]
[Round "?"]
[White "Stebbings, A."]
[Black "Saunders, J."]
[Result "1/2-1/2"]
[WhiteElo "2208"]
[BlackElo "2184"]
[PlyCount "35"]
[EventDate "1980.??.??"]

1. d4 Nf6 2. c4 g6 3. Nc3 d5 4. Nf3 Bg7 5. cxd5 Nxd5 6. e4 Nxc3 7. bxc3 O-O 8.
Be2 c5 9. O-O Nc6 10. Be3 Qa5 11. Qb3 Bg4 12. d5 Nd8 13. Rac1 Rc8 14. c4 Qc7
15. h3 Bxf3 16. Bxf3 e5 17. Be2 b6 18. g3 1/2-1/2

[Event "London league"]
[Site "?"]
[Date "1980.03.27"]
[Round "?"]
[White "Stebbings, A."]
[Black "Crouch, C."]
[Result "1-0"]
[WhiteElo "2208"]
[BlackElo "2192"]
[PlyCount "119"]
[EventDate "1980.??.??"]

1. e4 e5 2. Nf3 Nc6 3. Bb5 a6 4. Ba4 d6 5. c3 f5 6. exf5 Bxf5 7. d4 e4 8. Ng5
d5 9. f3 h6 10. fxe4 hxg5 11. exf5 Bd6 12. Nd2 Kf8 13. Nf1 Rh4 14. Bc2 Nh6 15.
g3 Rh3 16. Qf3 Qf6 17. Be3 Ne7 18. O-O-O Re8 19. Bd2 g4 20. Qg2 Nhxf5 21. Ne3
Nxe3 22. Bxe3 Kg8 23. Rhf1 Qe6 24. Rde1 Qd7 25. Bd2 Rh5 26. Qe2 Rf8 27. Rxf8+
Kxf8 28. Rf1+ Kg8 29. Qf2 Kh8 30. Bf4 Bxf4+ 31. Qxf4 Ng8 32. Rf2 Nf6 33. Bd3
Kg8 34. Bf5 Qe8 35. Qe5 Qxe5 36. dxe5 Ne4 37. Be6+ Kh7 38. Re2 Rxe5 39. Bc8 b6
40. Bxa6 Kg6 41. Bb7 Kf5 42. Bc8+ Kg5 43. Kc2 Re8 44. Bb7 Rd8 45. c4 Nf6 46.
cxd5 Kf5 47. Re7 Rh8 48. Re2 Rd8 49. Kb3 Ne4 50. Bc6 Rd6 51. Kc4 Rh6 52. Bd7+
Ke5 53. Bxg4 c6 54. dxc6 Rxc6+ 55. Kb5 Rf6 56. Bd7 Kd4 57. Bc6 Nd6+ 58. Kxb6
Nc4+ 59. Kb5 Kd3 60. Re7 1-0

[Event "Essex league"]
[Site "?"]
[Date "1980.04.16"]
[Round "?"]
[White "Lane, F."]
[Black "Stebbings, A."]
[Result "0-1"]
[WhiteElo "1984"]
[BlackElo "2208"]
[PlyCount "60"]
[EventDate "1980.??.??"]

1. d4 Nf6 2. Nd2 d5 3. e3 g6 4. Bd3 Bg7 5. f4 c5 6. c3 Qc7 7. Ngf3 cxd4 8. cxd4
O-O 9. O-O Nc6 10. a3 Bf5 11. Qc2 e6 12. Ne5 Rac8 13. Qb1 Ne7 14. e4 dxe4 15.
Nxe4 Nxe4 16. Bxe4 Rfd8 17. Be3 Nd5 18. Kf2 Bxe4 19. Qxe4 Qc2+ 20. Kf3 Qxb2 21.
Rfb1 Qc3 22. Ra2 Qa5 23. Rxb7 Rc3 24. Re2 f5 25. Qb1 Qxa3 26. Qe1 Rdc8 27. Kf2
Rc2 28. Rxc2 Rxc2+ 29. Kf3 Nxe3 30. Rb8+ Bf8 0-1

[Event "Essex league"]
[Site "?"]
[Date "1980.04.17"]
[Round "?"]
[White "Stebbings, A."]
[Black "Richmond, R."]
[Result "1-0"]
[WhiteElo "2208"]
[BlackElo "2176"]
[PlyCount "61"]
[EventDate "1980.??.??"]

1. e4 g6 2. d4 Bg7 3. c3 d5 4. exd5 Qxd5 5. Be2 Nf6 6. Bf3 Qd8 7. Ne2 O-O 8.
O-O c6 9. h3 Nbd7 10. Bf4 Nd5 11. Bg3 N7f6 12. Re1 Bf5 13. Nd2 Bh6 14. Nc4 Qc8
15. Qb3 Be4 16. Ne5 Bxf3 17. Nxf3 Ne4 18. Be5 Qd7 19. Rad1 Bg7 20. Nc1 Nef6 21.
Nd3 b6 22. c4 Nc7 23. Qc2 Rfd8 24. Qe2 Rac8 25. Bh2 e6 26. Nde5 Qe8 27. Ng5 c5
28. dxc5 Rxd1 29. Rxd1 bxc5 30. Nexf7 Qe7 31. Bd6 1-0

[Event "Kent league"]
[Site "?"]
[Date "1980.04.22"]
[Round "?"]
[White "Stebbings, A."]
[Black "Bailey, R."]
[Result "1/2-1/2"]
[WhiteElo "2208"]
[BlackElo "2176"]
[PlyCount "39"]
[EventDate "1980.??.??"]

1. e4 c5 2. Nf3 d6 3. d4 cxd4 4. Nxd4 Nf6 5. Nc3 a6 6. f4 Nbd7 7. Bd3 g6 8. Nf3
Bg7 9. O-O O-O 10. Qe1 b5 11. Kh1 e5 12. Qh4 Bb7 13. fxe5 dxe5 14. Bg5 Qc7 15.
a3 Rae8 16. Rad1 Qc5 17. Nd2 Qb6 18. Rf3 Re6 19. Rdf1 Qd6 20. g4 1/2-1/2

[Event "Essex league"]
[Site "?"]
[Date "1980.04.24"]
[Round "?"]
[White "Stebbings, A."]
[Black "Potter, A."]
[Result "1-0"]
[WhiteElo "2208"]
[BlackElo "1864"]
[PlyCount "57"]
[EventDate "1980.??.??"]

1. e4 d6 2. d4 Nf6 3. Nc3 g6 4. f4 Bg7 5. Nf3 c5 6. Bb5+ Bd7 7. e5 Ng4 8. e6
Bxb5 9. exf7+ Kd7 10. Nxb5 Qa5+ 11. Nc3 Nc6 12. d5 Nd8 13. Bd2 Nxf7 14. Ng5
Ngh6 15. Ne6 Bd4 16. Qe2 Nd8 17. O-O-O Nf5 18. Kb1 a6 19. Rhe1 Re8 20. Ne4 Qa4
21. b3 Qa3 22. c3 Bh8 23. g4 Ng7 24. Nxd8 Raxd8 25. Ng5 e5 26. dxe6+ Ke7 27.
Nf7 Rc8 28. Nxd6 Kxd6 29. Bc1+ 1-0

[Event "Kent league"]
[Site "?"]
[Date "1980.05.17"]
[Round "?"]
[White "Woodcock, C."]
[Black "Stebbings, A."]
[Result "1/2-1/2"]
[WhiteElo "2136"]
[BlackElo "2256"]
[PlyCount "82"]
[EventDate "1980.??.??"]

1. e4 e6 2. d3 d5 3. Nd2 c5 4. Ngf3 Nc6 5. g3 Bd6 6. Bg2 Nge7 7. O-O O-O 8. Re1
Bc7 9. Qe2 b6 10. h4 f5 11. exd5 exd5 12. Ng5 f4 13. Ne6 Bxe6 14. Qxe6+ Kh8 15.
Nf1 Rf6 16. Qg4 Nd4 17. Qd1 Qf8 18. c3 Ndf5 19. Qh5 fxg3 20. fxg3 Nxg3 21. Nxg3
Bxg3 22. Bg5 Bxe1 23. Bxf6 Bg3 24. Bg5 Qf2+ 25. Kh1 Bd6 26. Rf1 Qg3 27. Kg1
Qh2+ 28. Kf2 Qg3+ 29. Kg1 Qh2+ 30. Kf2 Bg3+ 31. Kf3 Rf8+ 32. Kg4 Rxf1 33. Qe8+
Ng8 34. Bxf1 Bd6 35. Qe2 Qg3+ 36. Kf5 g6+ 37. Ke6 h6 38. Bd8 Bb8 39. Kd7 Qd6+
40. Kc8 Kg7 41. Qe8 Nf6 1/2-1/2